000
00320nam a22001457a 4500
003
SGT
020
_a
9789389991178
082
_a
343.04
_b
DAT
100
_a
DATAR ARVIND P
245
_a
THE LAW AND PRACTICE OF INCOME TAX
250
_a
11
260
_a
GURUGRAM
_b
LEXIS NEXIS
_c
2020
300
_a
3742
942
_2
ddc
_c
BK
999
_c
34089
_d
34089